| 000 | 00748 a2200253 4500 | ||
|---|---|---|---|
| 001 | 77724 | ||
| 999 |
_c77724 _d21714 |
||
| 003 | TR-AnTOB | ||
| 005 | 20230727154036.0 | ||
| 008 | 120531s2009 tu 000 0 d | ||
| 020 | _a9786058963320 | ||
| 041 | _atur | ||
| 050 | 4 |
_aPL213 _b.Y39 2009 |
|
| 090 | _aPL213 .Y39 2009 | ||
| 245 | 0 | 0 |
_aYazarların şehri Kahramanmaraş / _ceditör Duran Boz. |
| 264 | 1 |
_aKahramanmaraş : _bKahramanmaraş Valiliği, _c2009. |
|
| 300 |
_a440 p. ; _c24 cm. |
||
| 650 | 0 |
_aAuthors, Turkish _zTurkey _zKahramanmaraş _vBiography _962769 |
|
| 650 | 0 |
_aYazarlar, Türk _zTürkiye _zKahramanmaraş _vBiyografi _962768 |
|
| 700 | 1 |
_aBoz, Duran _962767 |
|
| 902 | _a0031344,0033231 | ||
| 903 | _aMerkez Kutuphane | ||
| 945 | _aMC, BS 31.05.2012 | ||
| 942 | _cBK | ||